Logo BPK

Bibliografia Prac Pracowników

Politechniki Koszalińskiej

Algorytm rozmytej kompensacji nieregularnych zakłóceń w układach precyzyjnego szlifowania / (Rekord nr 7976)

Szczegóły MARC
000 -ETYKIETA REKORDU
podpole kontrolne o stałej długości 00848naa a22001817i 4500
003 - IDENTYFIKATOR NUMERU KONTROLNEGO REKORDU
podpole kontrolne KOSZ 005
005 - DATA OSTATNIEJ MODYFIKACJI REKORDU
podpole kontrolne 20180412125704.0
008 - POLE O STAŁEJ DŁUGOŚCI - DANE KONTROLNE
podpole kontrolne o stałej długości 160308s1995 ||||| ||||0|| 0 pol
035 ## - NUMER SYSTEMOWY
Numer systemowy przejętego rekordu PBN-R:249747
040 ## - ŹRÓDŁO KATALOGOWANIA
Instytucja, która utworzyła rekord KOSZ 005/md
Instytucja, która sporządziła opis PBN-ID
041 0# - KOD JĘZYKA
Kod języka tekstu pol
100 ## - NAZWA OSOBOWA
Nazwa osobowa KACALAK, Wojciech.
Lata pracy 1970 - 1996.
Instytucja Wyższa Szkoła Inżynierska w Koszalinie - Wydział Mechaniczny,
Wydział Katedra Mechaniki Precyzyjnej
245 10 - TYTUŁ/ODPOWIEDZIALNOŚĆ
Tytuł Algorytm rozmytej kompensacji nieregularnych zakłóceń w układach precyzyjnego szlifowania /
Pozostałe elementy strefy tytułu i oznaczenia odpowiedzialności Wojciech Kacalak.
260 ## - STREFA ADRESU WYDAWNICZEGO
Data publikacji, dystrybucji/powstania dokumentu 1995.
711 ## - HASŁO DODATKOWE - NAZWA IMPREZY
Nazwa imprezy Naukowa Szkoła Obróbki Ściernej
Oznaczenie części/sekcji dzieła (18 ;
Data imprezy 1995 ;
Miejsce imprezy Wrocław, Polska).
773 08 - TYTUŁ DOKUMENTU MACIERZYSTEGO
Wyrażenie wprowadzające W:
Tytuł Prace Naukowe Instytutu Technologii Maszyn i Automatyzacji Politechniki Wrocławskiej - XVIII Naukowa Szkoła Obróbki Ściernej. -
Adres wydawniczy Wrocław : 1995. -
Informacje dotyczące relacji s, 217-222.
942 ## - HASŁO DODATKOWE - ELEMENTY(KOHA)
Typ dokumentu Rozdział
Schemat klasyfikacji Uniwersalna klasyfikacja dziesiętna

Brak dostępnych egzemplarzy.

© 2014 Biblioteka Politechniki Koszalińskiej :: BIBLIOGRAFIA PRAC PRACOWNIKÓW